000 00495nam a2200181Ia 4500
008 151018s9999 xx 000 0 und d
082 _bRBASDV36254
_a891.463
100 _aआनंद यादव
245 _aउगवती मने
250 _b1
260 _bक्ष
_c2003
300 _a146
600 _aआनंद यादव
630 _aउगवती मने
700 _aआनंद यादव
730 _aउगवती मने
942 _cBOOK
999 _c1035716
_d1035713